000 01414nam2a2200301 4500
001 RU\NLR\BIBL_A\022049936
005 20231205125611.0
010 _a978-5-7164-1309-2
021 _aRU
_bКН-П-23-057976
_9КН-П-23-5844
035 _a(NLR Aleph) 022049936
090 _a12594755
_c12594755
100 _a20231013d2023 u y0rusy50 ca
101 0 _arus
102 _aRU
105 _aac z 000zy
200 1 _aЛегенды армейского хоккея
210 _d2023
215 _a174, [1] с.
_cцв. ил., портр.
300 _aЗагл. кор.: 100 лет С
461 0 _1001RU\NLR\BIBL_A\022048919
_12001#$a100 лет ЦСКА$eв 4 томах$fСеменюк Олег Владимирович$vТ. 2
_1700#1$aСеменюк$bО. В.$gОлег Владимирович
_912591688
_aСеменюк, О. В.
_cМосква
_d2023
_fСеменюк Олег Владимирович
_nЗолотой век
_oв 4 томах
_t100 лет ЦСКА
_vТ. 2
516 1 _a100 лет С
601 0 2 _a"ЦСКА", профессиональный хоккейный клуб
_cМосква, город
_92308531
_3RU\NLR\AUTH\6601607619
601 0 2 _a"ЦСКА", хокейная команда
_cМосква, город
_91899291
_3RU\NLR\AUTH\661154510
686 1 _aЧ515.795.4(2-2М)7ЦСКА
942 _cBOOK
980 _aNB